000 00708nam a22002057a 4500
003 OSt
005 20251125171441.0
008 251125b |||||||| |||| 00| 0 eng d
020 _a 978-621-406-274-4
040 _aDWC-Main lib
_cOC
082 _aFil. 899.211 P192 2020
100 _aAcoprasm, Jioffre
245 _aPanitikang panlipunan :
_balinsunod sa OBE kurikulum/
_cJioffre Acoprasm
260 _aIntramuors, Manila : .
_bMindshapers co. inc.,
_cc2020.
300 _aviii, 182 pages : illustrations ; 23cm.
_billustrations ;
_c 23cm.
504 _aIncludes bibliographical references
650 _a1. tagalog literature
700 _a[AND FIVE OTHERS]
942 _2ddc
_cBK - FIL
_kFil.
_n0
999 _c6332
_d6332